| 000 | 00833cam a22002651 4500 | ||
|---|---|---|---|
| 001 | gs 61000238 | ||
| 003 | DLC | ||
| 005 | 20260227111410.0 | ||
| 008 | 821007s1961 dcuab b f000 0 eng c | ||
| 010 | _ags 61000238 | ||
| 035 | _a(OCoLC)8839555 | ||
| 040 |
_aU.S. Geol. Survey. Libr. _cMsSM _dMsSM _dDLC |
||
| 042 | _apremarc | ||
| 050 | 0 | 0 |
_aQE75 _b.C5 no. 445 |
| 051 |
_aTD380 _b.D8 |
||
| 100 | 1 |
_aDurum, W. H. _q(Walton Henry), _d1917- |
|
| 245 | 1 | 0 |
_aOccurrence of minor elements in water, _cby W.H. Durum and Joseph Haffty. |
| 260 |
_aWashington. _c1961. |
||
| 300 |
_aiii, 11 p. _bmaps, diagrs., tables. _c27cm. |
||
| 410 | 2 | 0 |
_aGeological Survey (U.S.). _tCircular _v445 |
| 504 | _aBibliography: p. 11. | ||
| 650 | 0 |
_aWater _xComposition. |
|
| 650 | 0 |
_aWater _xAnalysis. |
|
| 700 | 1 |
_aHaffty, Joseph, _d1922- _ejoint author. |
|
| 999 |
_c29557 _d29557 |
||